000 00596nam a22001817a 4500
003 OSt
005 20140310181757.0
008 130701t xxu||||| |||| 00| 0 eng d
050 _aTX 911.3
_b.M491 2002
082 _aFIL 362.709599
_bC83 2002
245 _aMedium term strategic framework on the girl child. /
_bCouncil for the Welfare of Children and United Nations Children's Fund.
260 _aPhilippines :
_bUNICEF-Manila,
_c2002.
300 _aiii. 100 p. :
_c28 cm.
520 _a1. Children's rights--Philippines--Congresses.
562 _e1
942 _2lcc
_cBK
999 _c3508
_d3508